Tomodachi Quiz - Statistics

General Stats
  • This quiz has been taken 40 times
  • The average score is 14 of 20
Answer Stats
Question Answer % Correct
True or False: there are only three Miis in Quirky Questions. False
97%
Is there an Outgoing Thinker? No
97%
Is there an Confident Artist? No
97%
True or False: you can dye the Mii’s Hair. True
97%
Is there an Easygoing Optimist? Yes
97%
Is there an Outgoing Charmer? Yes
97%
What are the Colors of the icons on windows? Black, Green, Blue, Orange, and Pink
91%
Can you delete your look-alike from the Mii list? No
86%
True or False: Easygoing and Independent have their own idle stances True
86%
When you go to the food mart, is there a second Lane? Yes
83%
what is the max limit to Miis in Tomodachi Life? 100
77%
What Places will you unlock when a Mii confesses? Café, Amusement Park, and Park
69%
If your Mii is 17 years or younger, You would be a what? Kid
69%
in SMM2, is there some poses in Tomodachi Life? Yes
66%
How do you get the Concert Hall? Give a Song
60%
how Much does it cost to delete a Mii? $21
43%
What do you unlock when Two Miis get married? Mii Homes
40%
how long does a baby take to be grown? 6 days
37%
In the European version what is Independent called? Reserved
20%
What button do you press to make the Miis be surprised with a ding? Make it Stop!
11%
No matching quizzes found
Score Distribution
Percent of People with Each Score
Percentile by Number Answered
Your Score History
You have not taken this quiz